000 01415pam a2200373 i 4500
001 BK0030945686
003 DLC
005 20241004173142.0
008 240708s2024 nyua b 000 1 eng
010 _a2024024411
020 _a9780593886809
_q(hardcover)
040 _aDLC
_beng
_erda
_cDLC
_dIMmBT
042 _apcc
_acyac
050 0 0 _aPZ7.B38821944
_bHo 2024
082 0 0 _a[E]
_223
092 _achildren holiday books
_bDahl
100 1 _aBehling, Steve,
_eauthor.
_95873762
245 1 0 _aHow to have a frightful Halloween /
_cRoald Dahl ; illustrated by Quentin Blake, [text by] Steve Behling.
246 1 _iAt head of title:
_aRoald Dahl's.
264 1 _aNew York :
_bGrosset & Dunlap, an imprint of Penguin Random House LLC,
_c2024.
300 _a1 volume (unpaged) :
_bcolor illustrations ;
_c19 cm.
336 _atext
336 _astill image
337 _aunmediated
338 _avolume
520 _aPrepare for Halloween by learning how to recognize the tricks and treats of witches, ghosts, and candymakers.
521 _aAges 4-8.
_bGrosset & Dunlap, an imprint of Penguin Random House LLC.
650 1 _aHalloween
_vFiction.
_95684667
655 7 _aPicture books.
_2lcgft
655 7 _aFiction.
_2lcgft
_95673940
700 1 _aDahl, Roald.
700 1 _aBlake, Quentin,
_eillustrator.
_96278
942 _2ddc
_cBOOK
999 _c400971
_d400971